| Поле | Инд. | ПП | Название | Значение |
|---|---|---|---|---|
| Тип записи | a | |||
| Библиографический уровень | m | |||
| 001 | Контрольный номер | RU/IS/BASE/263563076 | ||
| 005 | Дата корректировки | 20250610123915.1 | ||
| 008 | Кодируемые данные | 19950316 | ||
| 020 | 00 | a | ISBN | 5-86656-017-8 |
| 040 | 00 | e | Правила каталог. | Мира 950316 |
| 084 | a | Индекс другой классификации/Индекс ББК | 63.3(0)62; 68.901г; 22.383г | |
| 090 | 00 | a | Полочн. индекс | 63.3(0)62 |
| x | Авторский знак | И 752 | ||
| 097 | 00 | a | 230 | |
| 100 | 10 | a | Автор | Иойрыш А. И. |
| q | Полное имя | Иойрыш Абрам Исаакович | ||
| 245 | 00 | a | Заглавие | Ядерный джин |
| c | Ответственность | ответственный редактор Н. Н. Егоров | ||
| 260 | 00 | a | Место издания | Москва |
| b | Издательство | ИздАТ | ||
| c | Дата издания | 1994 | ||
| 300 | 00 | a | Объем | 500 с. |
| b | Иллюстрации/ тип воспроизводства | ил. | ||
| 336 | a | Термин вида содержания | Текст | |
| a | Термин вида содержания | Текст | ||
| 337 | a | Термин типа средства | непосредственный | |
| a | Термин типа средства | непосредственный | ||
| 600 | 14 | a | Персоналии | Бор Нильс |
| a | Персоналии | Вернадский Владимир Иванович | ||
| a | Персоналии | Жолио-Кюри Фредерик | ||
| a | Персоналии | Капица Петр Леонидович | ||
| a | Персоналии | Курчатов Игорь Васильевич | ||
| a | Персоналии | Рузвельт Франклин Делано (32-й президент США) | ||
| a | Персоналии | Ферми Энрико | ||
| a | Персоналии | Черчилль Уинстон Леонард Спенсер | ||
| a | Персоналии | Эйнштейн Альберт | ||
| 650 | 04 | a | Основная рубрика | история |
| 653 | 00 | a | Ключевые слова | XX век |
| a | Ключевые слова | Арзамас-16 | ||
| a | Ключевые слова | архивы | ||
| a | Ключевые слова | атомистика | ||
| a | Ключевые слова | атомная бомбардировка | ||
| a | Ключевые слова | Берлинская (Потсдамская) конференция 1945 | ||
| a | Ключевые слова | Великобритания | ||
| a | Ключевые слова | внешняя политика | ||
| a | Ключевые слова | внешняя разведка | ||
| a | Ключевые слова | войны | ||
| a | Ключевые слова | Вторая мировая война 1939-1945 | ||
| a | Ключевые слова | Германия | ||
| a | Ключевые слова | дипломатия | ||
| a | Ключевые слова | документы | ||
| a | Ключевые слова | жертвы | ||
| a | Ключевые слова | история атомной физики | ||
| a | Ключевые слова | международные отношения | ||
| a | Ключевые слова | Нагасаки | ||
| a | Ключевые слова | новейшее время | ||
| a | Ключевые слова | оружие массового поражения | ||
| a | Ключевые слова | политические деятели | ||
| a | Ключевые слова | советский ядерный проект | ||
| a | Ключевые слова | создание | ||
| a | Ключевые слова | СССР | ||
| a | Ключевые слова | США | ||
| a | Ключевые слова | Хиросима | ||
| a | Ключевые слова | холодная война | ||
| a | Ключевые слова | ядерная бомба | ||
| a | Ключевые слова | ядерная физика | ||
| a | Ключевые слова | ядерное оружие (атомное оружие) | ||
| a | Ключевые слова | ядерные испытания | ||
| a | Ключевые слова | ядерные исследования | ||
| a | Ключевые слова | Япония | ||
| 700 | 10 | a | Автор | Егоров Н. Н. |
| e | Роль лиц | редактор | ||
| 720 | a | Наименование подборки | К юбилею А. Д. Сахарова | |
| e | Признак/вид подборки | Тематические подборки | ||
| 901 | t | Тип документа | m | |
| 952 | a | Тип литературы для КСУ ВШ | НАУ |